[Event "Aragon-chT Preferente Gr I "]
[Site "Aragon"]
[Date "2018.03.03"]
[Round "6.44"]
[White "Sanjuan Perez, Jose Antonio"]
[Black "Artal Alegria, Francisco Javier"]
[Result "0-1"]
[WhiteElo "1686"]
[BlackElo "1878"]
[PlyCount "70"]
[EventDate "2018.01.27"]
[EventType "team-tourn"]
[EventRounds "9"]
[EventCountry "ESP"]
[SourceTitle "EXT 2019"]
[Source "ChessBase"]
[SourceDate "2018.10.10"]
[SourceVersion "1"]
[SourceVersionDate "2018.10.10"]
[SourceQuality "1"]
[WhiteTeam "Monzon II"]
[BlackTeam "Las Fuentes"]
[WhiteTeamCountry "ESP"]
[BlackTeamCountry "ESP"]

1. d4 Nf6 2. c4 c5 3. Nf3 e6 4. Nc3 d5 5. e3 Nc6 6. a3 a6 7. Bd3 dxc4 8. Bxc4 b5 9. Bb3 Bb7 10. 0-0 c4 11. Bc2 Bd6 12. e4 e5 13. d5 Na5 14. Bg5 h6 15. Bh4 g5 16. Bg3 Nd7 17. Qd2 f6 18. Qe2 Qe7 19. Nd2 Nc5 20. h3 h5 21. h4 Qh7 22. Qe3 Rg8 23. Nf3 Qg7 24. hxg5 fxg5 25. Nxe5 h4 26. Nf7 Bf4 27. Nd6+ Kd8 28. Qxc5 hxg3 29. Qb6+ Qc7 30. Nxb7+ Nxb7 31. Qxc7+ Kxc7 32. fxg3 Be3+ 33. Rf2 Raf8 34. Nd1 Bb6 35. Kf1 Rxf2+ 0-1